000 00480nam a2200181Ia 4500
005 20250923150236.0
008 008 250917s9999 xx 000 0 eng d
037 _aTextual
040 _aDSWL
_beng
_cDSWL
041 _aeng
_2eng
084 _qDSWL
100 _aOzonoff, Sally
_9843799
245 0 _aParents guide to asperger syndrome
_cby Sally Ozonoff
260 _aNew York
_b Guilford
_c2002
300 _a561 p.
942 _cTEXL
999 _c1461187
_d1461187